[Event "Llinars del Valles op 1st"]
[Site "Llinars del Valles"]
[Date "2021.06.30"]
[Round "6"]
[White "Melero Sanchez, Pere"]
[Black "Molina Tabernero, Jordi"]
[Result "1-0"]
[WhiteElo "1897"]
[BlackElo "1381"]
[PlyCount "81"]
[EventDate "2021.06.25"]
[EventType "swiss"]
[EventRounds "9"]
[EventCountry "ESP"]
[SourceTitle "CBM 203 Extra"]
[Source "ChessBase"]
[SourceDate "2021.09.30"]
[SourceVersion "1"]
[SourceVersionDate "2021.09.30"]
[SourceQuality "1"]

1. d4 d5 2. c4 c6 3. Nc3 Nf6 4. Nf3 a6 5. e3 Bf5 6. Qb3 b5 7. cxd5 cxd5 8. a4 b4 9. Qxb4 e6 10. Qb3 Nc6 11. Nh4 Be4 12. Nxe4 Nxe4 13. Nf3 Rb8 14. Qc2 Nb4 15. Qd1 Qa5 16. Bd2 Nxd2 17. Nxd2 Rc8 18. Rc1 Rb8 19. Be2 Bd6 20. 0-0 0-0 21. Nf3 Rfc8 22. b3 Na2 23. Rxc8+ Rxc8 24. Qa1 Nc3 25. Bd3 Qc7 26. h3 a5 27. Kh1 Ne4 28. Bxe4 dxe4 29. Nd2 f5 30. Nc4 Bh2 31. Qe1 Bd6 32. Qxa5 Qxa5 33. Nxa5 Bb4 34. Nc4 Rb8 35. a5 Bc3 36. Rb1 Bb4 37. Kg1 Ra8 38. Ra1 Bc3 39. Ra4 Rb8 40. a6 Ra8 41. a7 1-0

[Event "Llinars del Valles op 1st"]
[Site "Llinars del Valles"]
[Date "2021.06.28"]
[Round "4"]
[White "Garre Montes, Marc"]
[Black "Molina Tabernero, Jordi"]
[Result "1/2-1/2"]
[WhiteElo "1586"]
[BlackElo "1381"]
[PlyCount "92"]
[EventDate "2021.06.25"]
[EventType "swiss"]
[EventRounds "9"]
[EventCountry "ESP"]
[SourceTitle "CBM 203 Extra"]
[Source "ChessBase"]
[SourceDate "2021.09.30"]
[SourceVersion "1"]
[SourceVersionDate "2021.09.30"]
[SourceQuality "1"]

1. e4 c5 2. Nf3 d6 3. Bb5+ Bd7 4. Bxd7+ Nxd7 5. Nc3 Ngf6 6. d3 a6 7. 0-0 e6 8. Re1 Be7 9. Bf4 0-0 10. Bxd6 Bxd6 11. e5 Nxe5 12. Nxe5 Qc7 13. Nf3 Rad8 14. Ne4 Nxe4 15. Rxe4 Rfe8 16. Qe2 h6 17. h3 Re7 18. Re1 Rde8 19. b3 b5 20. Ne5 Bxe5 21. Rxe5 Qd6 22. Qe4 Qd4 23. Qxd4 cxd4 24. Rc5 Ra7 25. f4 Ree7 26. Ree5 Rec7 27. b4 Rd7 28. Kf2 Kf8 29. Kf3 Rd6 30. Rc8+ Ke7 31. Rec5 Rad7 32. g4 Rd5 33. a3 Rxc5 34. Rxc5 f6 35. Ke4 g6 36. f5 exf5+ 37. gxf5 g5 38. c3 dxc3 39. Rxc3 h5 40. d4 Kd8 41. d5 Re7+ 42. Kd4 Rc7 43. Rd3 Rc4+ 44. Ke3 g4 45. hxg4 Rxg4 46. Kf3 Rg5 1/2-1/2

[Event "Maresme op 16th"]
[Site "Maresme"]
[Date "2019.11.23"]
[Round "7"]
[White "Gomez Jorge, Felix"]
[Black "Molina Tabernero, Jordi"]
[Result "1/2-1/2"]
[WhiteElo "1550"]
[BlackElo "1396"]
[PlyCount "65"]
[EventDate "2019.09.29"]
[EventType "swiss"]
[EventRounds "8"]
[EventCountry "ESP"]
[SourceTitle "CBM 193 Extra"]
[Source "ChessBase"]
[SourceDate "2020.01.31"]
[SourceVersion "1"]
[SourceVersionDate "2020.01.31"]
[SourceQuality "1"]

1. d4 Nf6 2. c4 g6 3. Nc3 Bg7 4. e4 0-0 5. Nf3 d6 6. h3 e5 7. d5 a5 8. Be3 Na6 9. Be2 Nc5 10. Nd2 Bd7 11. g4 Ne8 12. Qc2 c6 13. Nf1 Rb8 14. Ng3 b5 15. dxc6 Bxc6 16. cxb5 Bb7 17. Rd1 Rc8 18. Qd2 Ne6 19. 0-0 Qh4 20. Kg2 h6 21. Rc1 f5 22. f4 exf4 23. Bxf4 Nxf4+ 24. Qxf4 Be5 25. Qf3 f4 26. Nh1 Rf7 27. Nd5 Rxc1 28. Rxc1 Nf6 29. Nxf6+ Rxf6 30. Rc7 Rf7 31. Bc4 d5 32. Rxf7 Kxf7 33. exd5 1/2-1/2

[Event "Barcelona 150 aniversity 3"]
[Site "Barcelona"]
[Date "2019.06.21"]
[Round "9.2"]
[White "Molina Tabernero, Jordi"]
[Black "Perez Perez, Roberto"]
[Result "1-0"]
[WhiteElo "1462"]
[BlackElo "1427"]
[PlyCount "65"]
[EventDate "2019.04.26"]
[EventType "swiss"]
[EventRounds "9"]
[EventCountry "ESP"]
[SourceTitle "EXT 2024"]
[Source "ChessBase"]
[SourceDate "2023.10.10"]
[SourceVersion "1"]
[SourceVersionDate "2023.10.10"]
[SourceQuality "1"]

1. d4 Nf6 2. Bf4 e6 3. e3 c5 4. c3 Qb6 5. Qb3 Qxb3 6. axb3 Be7 7. Bxb8 Rxb8 8. Rxa7 0-0 9. Bd3 d5 10. Nf3 Bd6 11. Ne5 Nd7 12. f4 f6 13. Nxd7 Bxd7 14. 0-0 f5 15. Nd2 Bc6 16. g3 Ra8 17. Rfa1 Rxa7 18. Rxa7 g6 19. h4 Bb8 20. Ra1 b5 21. Nf3 Bd6 22. Ra6 Rc8 23. Ng5 Be7 24. Nxe6 h6 25. Nxc5 Bxc5 26. dxc5 Rc7 27. Rb6 Kf7 28. Bxb5 Bxb5 29. Rxb5 Ke6 30. Rb6+ Kf7 31. Rd6 g5 32. Rxh6 g4 33. Rh7+ 1-0

[Event "Mem Vinas 15th B"]
[Site "Mataro"]
[Date "2019.06.15"]
[Round "6.4"]
[White "Molina Tabernero, Jordi"]
[Black "Farre Muntaner, Jose Ramon"]
[Result "1-0"]
[WhiteElo "1451"]
[BlackElo "1499"]
[PlyCount "65"]
[EventDate "2019.05.04"]
[EventType "swiss"]
[EventRounds "8"]
[EventCountry "ESP"]
[SourceTitle "EXT 2024"]
[Source "ChessBase"]
[SourceDate "2023.10.10"]
[SourceVersion "1"]
[SourceVersionDate "2023.10.10"]
[SourceQuality "1"]

1. d4 Nf6 2. Bf4 d6 3. e3 g6 4. Be2 Bg7 5. Nf3 Nc6 6. 0-0 0-0 7. h3 Re8 8. c3 Be6 9. c4 d5 10. c5 b6 11. Bb5 Qd7 12. Ne5 Qc8 13. Bxc6 Bxh3 14. Bxe8 Bxg2 15. Bd7 Nxd7 16. Kxg2 Nf6 17. Qf3 h5 18. Bg5 Qe6 19. Bxf6 Bxf6 20. Qh3 Qxh3+ 21. Kxh3 Bxe5 22. dxe5 bxc5 23. Nc3 e6 24. Nb5 Kg7 25. Nxc7 Rh8 26. Rh1 g5 27. Kg2 f5 28. Nxe6+ Kg6 29. Nxc5 Rb8 30. b3 Rb4 31. f3 d4 32. e4 fxe4 33. Nxe4 1-0

[Event "Barcelona 150 aniversity 3"]
[Site "Barcelona"]
[Date "2019.06.07"]
[Round "7.3"]
[White "Molina Tabernero, Jordi"]
[Black "Benages Mabres, Valenti"]
[Result "1-0"]
[WhiteElo "1462"]
[BlackElo "1700"]
[PlyCount "70"]
[EventDate "2019.04.26"]
[EventType "swiss"]
[EventRounds "9"]
[EventCountry "ESP"]
[SourceTitle "EXT 2024"]
[Source "ChessBase"]
[SourceDate "2023.10.10"]
[SourceVersion "1"]
[SourceVersionDate "2023.10.10"]
[SourceQuality "1"]

1. d4 d5 2. Bf4 Nf6 3. e3 c5 4. c3 Nc6 5. Nd2 Bf5 6. Ngf3 Qb6 7. Qb3 c4 8. Qxb6 axb6 9. Bc7 b5 10. h3 Rc8 11. Bh2 e6 12. Be2 b4 13. 0-0 bxc3 14. bxc3 b5 15. Ne5 Nxe5 16. dxe5 Nd7 17. Nf3 Be7 18. Nd4 Rb8 19. Nxf5 exf5 20. e6 fxe6 21. Bxb8 Nxb8 22. Rab1 0-0 23. Rxb5 Nd7 24. Rb7 Rd8 25. Bd1 Bf6 26. Re1 Nc5 27. Rb6 Re8 28. f3 Bg5 29. f4 Bf6 30. a4 Nxa4 31. Rd6 Kf7 32. Rd7+ Re7 33. Rxe7+ Bxe7 34. g4 fxg4 35. hxg4 Bd6 1-0

[Event "Barcelona 150 aniversity 3"]
[Site "Barcelona"]
[Date "2019.04.26"]
[Round "1.4"]
[White "Dominguez Diaz, Francisco"]
[Black "Molina Tabernero, Jordi"]
[Result "1-0"]
[WhiteElo "1325"]
[BlackElo "1462"]
[PlyCount "65"]
[EventDate "2019.04.26"]
[EventType "swiss"]
[EventRounds "9"]
[EventCountry "ESP"]
[SourceTitle "EXT 2024"]
[Source "ChessBase"]
[SourceDate "2023.10.10"]
[SourceVersion "1"]
[SourceVersionDate "2023.10.10"]
[SourceQuality "1"]

1. e4 d5 2. exd5 Qxd5 3. Nc3 Qa5 4. Be2 Nf6 5. Bf3 c6 6. h3 Bf5 7. Nge2 e6 8. d3 Bb4 9. Bd2 Nbd7 10. a3 Bxc3 11. Bxc3 Qc7 12. Ng3 Bg6 13. Nh5 Nxh5 14. Bxh5 Nf6 15. Bxg6 hxg6 16. Qf3 Qe7 17. 0-0-0 0-0 18. d4 Nd5 19. Bd2 b5 20. h4 a5 21. h5 Qf6 22. Qxf6 Nxf6 23. h6 gxh6 24. Bxh6 Ng4 25. Bxf8 Nxf2 26. Bc5 Nxd1 27. Kxd1 b4 28. a4 Rd8 29. Kd2 e5 30. Ke3 exd4+ 31. Bxd4 Re8+ 32. Kd3 Rd8 33. Rh8# 1-0

[Event "Barcelona Barri Gotic op 7th"]
[Site "Barcelona"]
[Date "2019.02.12"]
[Round "1.8"]
[White "Molina Tabernero, Jordi"]
[Black "Bernat, Ernest"]
[Result "0-1"]
[WhiteElo "1419"]
[BlackElo "1880"]
[PlyCount "54"]
[EventDate "2019.02.12"]
[EventType "swiss"]
[EventRounds "9"]
[EventCountry "ESP"]
[SourceTitle "EXT 2024"]
[Source "ChessBase"]
[SourceDate "2023.10.10"]
[SourceVersion "1"]
[SourceVersionDate "2023.10.10"]
[SourceQuality "1"]

1. d4 e6 2. Bf4 f5 3. e3 Nf6 4. Nd2 d5 5. Ngf3 Be7 6. h3 0-0 7. Be2 c6 8. c3 Bd7 9. Qc2 Be8 10. 0-0 Nbd7 11. Ne5 Bf7 12. Nxf7 Rxf7 13. Rfe1 Ne4 14. Nxe4 fxe4 15. Rf1 Nf8 16. Bg4 Bd6 17. Bxd6 Qxd6 18. c4 Nd7 19. cxd5 exd5 20. Bxd7 Qxd7 21. Rad1 Raf8 22. Qe2 Rf6 23. Qg4 Qf7 24. Rd2 Rg6 25. Qe2 Qf5 26. g4 h5 27. Kh2 hxg4 0-1

[Event "Maresme op 15th"]
[Site "Maresme"]
[Date "2018.11.10"]
[Round "6"]
[White "Goloubev Goloubeva, Maria"]
[Black "Molina Tabernero, Jordi"]
[Result "1-0"]
[WhiteElo "1679"]
[BlackElo "1425"]
[PlyCount "139"]
[EventDate "2018.09.29"]
[EventType "swiss"]
[EventRounds "9"]
[EventCountry "ESP"]
[SourceTitle "EXT 2024"]
[Source "ChessBase"]
[SourceDate "2023.10.10"]
[SourceVersion "1"]
[SourceVersionDate "2023.10.10"]
[SourceQuality "1"]

1. c4 g6 2. d4 d6 3. e3 Bg7 4. g3 e6 5. Bg2 c6 6. Nc3 d5 7. cxd5 exd5 8. Nge2 f5 9. b4 Nf6 10. Nf4 0-0 11. b5 Ne4 12. Nfe2 cxb5 13. Qb3 Be6 14. Qxb5 Nd6 15. Qb3 Ne4 16. Qxb7 Nd7 17. Qc6 Qb6 18. Qxb6 Nxb6 19. 0-0 Rac8 20. Nxe4 fxe4 21. Ba3 Rf7 22. Nf4 Bf5 23. h4 Rc2 24. Bc5 Na4 25. Rfc1 Rxc5 26. dxc5 Bxa1 27. Rxa1 Nxc5 28. Nxd5 Be6 29. Nf4 Bf5 30. Bf1 Nd3 31. Nxd3 exd3 32. Rd1 Rd7 33. Rd2 Kf7 34. f3 Rc7 35. Bxd3 Bxd3 36. Rxd3 Rc1+ 37. Kf2 Rc2+ 38. Ke1 Rxa2 39. f4 a5 40. Kd1 a4 41. Kc1 a3 42. e4 Ra1+ 43. Kc2 Ra2+ 44. Kb1 Rb2+ 45. Ka1 Re2 46. Rxa3 Rxe4 47. Kb2 Re2+ 48. Kc1 Re1+ 49. Kd2 Rg1 50. Ke2 Rg2+ 51. Kf3 Rg1 52. Ra7+ Kg8 53. Ra5 Rc1 54. Re5 Rf1+ 55. Kg2 Rc1 56. h5 Rc2+ 57. Kh3 gxh5 58. Rxh5 Rc1 59. Kg4 Rc6 60. Re5 Rg6+ 61. Rg5 Rxg5+ 62. Kxg5 Kg7 63. g4 h6+ 64. Kh5 Kh7 65. f5 Kg7 66. g5 hxg5 67. Kxg5 Kf7 68. f6 Kg8 69. Kg6 Kf8 70. f7 1-0

[Event "Maresme op 15th"]
[Site "Maresme"]
[Date "2018.10.06"]
[Round "2"]
[White "Llopis Jordan, Lluis"]
[Black "Molina Tabernero, Jordi"]
[Result "1-0"]
[WhiteElo "1645"]
[BlackElo "1425"]
[PlyCount "47"]
[EventDate "2018.09.29"]
[EventType "swiss"]
[EventRounds "9"]
[EventCountry "ESP"]
[SourceTitle "EXT 2020"]
[Source "ChessBase"]
[SourceDate "2019.10.17"]
[SourceVersion "1"]
[SourceVersionDate "2019.10.17"]
[SourceQuality "1"]

1. d4 Nc6 2. c4 d5 3. Nf3 Bg4 4. e3 Nf6 5. Nc3 e5 6. dxe5 Nxe5 7. cxd5 Bb4 8. Qa4+ Nc6 9. dxc6 Bxc3+ 10. bxc3 bxc6 11. Ba3 Bxf3 12. gxf3 Qd5 13. e4 Qd7 14. Rd1 Qe6 15. Bc4 Qc8 16. Qxc6+ Nd7 17. Bb5 Rb8 18. Qxd7+ Qxd7 19. Bxd7+ Kd8 20. Bc6+ Kc8 21. 0-0 Rb6 22. Bd5 Rg6+ 23. Kh1 Rf8 24. Bxf8 1-0

[Event "Barcelona Tres Peons-B 47th"]
[Site "Barcelona"]
[Date "2018.06.08"]
[Round "7.5"]
[White "Pifarre Gene, Joan Baptista"]
[Black "Molina Tabernero, Jordi"]
[Result "1-0"]
[WhiteElo "1503"]
[BlackElo "1458"]
[PlyCount "49"]
[EventDate "2018.04.27"]
[EventType "tourn"]
[EventRounds "9"]
[EventCountry "ESP"]
[SourceTitle "EXT 2024"]
[Source "ChessBase"]
[SourceDate "2023.10.10"]
[SourceVersion "1"]
[SourceVersionDate "2023.10.10"]
[SourceQuality "1"]

1. e4 g6 2. Nf3 d6 3. c3 Bg7 4. d4 a6 5. Bg5 h6 6. Be3 b5 7. Bd3 Bb7 8. Qc2 e6 9. Nbd2 Nd7 10. 0-0 Ne7 11. b4 0-0 12. h4 f5 13. exf5 exf5 14. Bf4 Nf6 15. Bh2 Ng4 16. a4 Nxh2 17. Nxh2 Nd5 18. g3 Qd7 19. Qb3 Kh8 20. Nhf3 Nf6 21. Nh2 Qc6 22. f3 Ng4 23. Nxg4 fxg4 24. Be4 Qb6 25. a5 1-0

[Event "Barcelona Sant Marti op 7th"]
[Site "Barcelona"]
[Date "2018.03.01"]
[Round "8"]
[White "Molina Tabernero, Jordi"]
[Black "Colominas Isern, Josep"]
[Result "0-1"]
[WhiteElo "1432"]
[BlackElo "1603"]
[PlyCount "102"]
[EventDate "2018.01.11"]
[EventType "swiss"]
[EventRounds "9"]
[EventCountry "ESP"]
[SourceTitle "EXT 2019"]
[Source "ChessBase"]
[SourceDate "2018.10.10"]
[SourceVersion "1"]
[SourceVersionDate "2018.10.10"]
[SourceQuality "1"]

1. d4 e6 2. Bf4 d5 3. e3 Nf6 4. Bd3 c5 5. c3 Qb6 6. Qb3 Nbd7 7. Qxb6 Nxb6 8. b3 cxd4 9. exd4 Bd7 10. Nd2 Be7 11. h3 Rc8 12. c4 dxc4 13. Nxc4 Nxc4 14. bxc4 Bb4+ 15. Bd2 Bxd2+ 16. Kxd2 0-0 17. Rb1 b6 18. Nf3 Bc6 19. Rhg1 Ne4+ 20. Bxe4 Bxe4 21. Rbc1 f6 22. Ke3 Bb7 23. g4 Ba6 24. Nd2 g6 25. f4 Rc7 26. Rc2 Kg7 27. h4 Rfc8 28. Rgc1 b5 29. c5 Bb7 30. Nf3 Rd8 31. Rd2 b4 32. g5 f5 33. Ne5 Bd5 34. Nc4 Rb8 35. Rb2 Rb5 36. a3 b3 37. a4 Rb4 38. Kd3 Rc6 39. a5 Rc8 40. Ne5 Ra4 41. Nc4 Rb8 42. Rc3 Rbb4 43. Rbxb3 Rxb3 44. Rxb3 Bxc4+ 45. Kc3 Bxb3 46. Kxb3 Rxd4 47. c6 Rd8 48. Kc4 Kf7 49. a6 Ke7 50. Kc5 Rc8 51. Kb5 Kd6 0-1

[Event "Barcelona Sant Marti op 7th"]
[Site "Barcelona"]
[Date "2018.02.15"]
[Round "6"]
[White "Aguilera Vilar, Montserrat"]
[Black "Molina Tabernero, Jordi"]
[Result "0-1"]
[WhiteElo "1700"]
[BlackElo "1432"]
[PlyCount "34"]
[EventDate "2018.01.11"]
[EventType "swiss"]
[EventRounds "9"]
[EventCountry "ESP"]
[SourceTitle "EXT 2019"]
[Source "ChessBase"]
[SourceDate "2018.10.10"]
[SourceVersion "1"]
[SourceVersionDate "2018.10.10"]
[SourceQuality "1"]

1. e4 e5 2. Nf3 Nc6 3. Bc4 Nf6 4. Nc3 Bc5 5. 0-0 0-0 6. d3 h6 7. a3 Nd4 8. Nxe5 d6 9. Nf3 Bg4 10. b4 Bb6 11. Nd5 Nxd5 12. Bxd5 c6 13. Ba2 Qf6 14. Bb2 Bxf3 15. gxf3 Nxf3+ 16. Kh1 Qf4 17. Qc1 Qxh2# 0-1

[Event "Barcelona Tres Peons-F 46th"]
[Site "Barcelona"]
[Date "2017.06.02"]
[Round "7.2"]
[White "Quintanilla Paz Soldan, Mario"]
[Black "Molina Tabernero, Jordi"]
[Result "0-1"]
[WhiteElo "1478"]
[BlackElo "1437"]
[PlyCount "72"]
[EventDate "2017.04.21"]
[EventType "swiss"]
[EventRounds "9"]
[EventCountry "ESP"]
[SourceTitle "EXT 2024"]
[Source "ChessBase"]
[SourceDate "2023.10.10"]
[SourceVersion "1"]
[SourceVersionDate "2023.10.10"]
[SourceQuality "1"]

1. d4 f5 2. c4 Nf6 3. Nc3 e6 4. Nf3 d5 5. Bg5 h6 6. Bxf6 gxf6 7. e3 b6 8. cxd5 exd5 9. Bb5+ c6 10. Ba4 b5 11. Bc2 b4 12. Ne2 Bd6 13. Bd3 Rg8 14. g3 f4 15. Nxf4 Bxf4 16. gxf4 Qe7 17. Qd2 Bh3 18. Rg1 Rxg1+ 19. Nxg1 Be6 20. Bg6+ Kd8 21. f5 Bd7 22. Nh3 Qe4 23. Ke2 Qg4+ 24. f3 Qxh3 25. Qxb4 Qxh2+ 26. Kd3 Kc8 27. Qf8+ Kc7 28. Qb4 Qd6 29. Qa5+ Kc8 30. Rc1 Qc7 31. Qc5 Na6 32. Qf8+ Qd8 33. Qxh6 Rb8 34. Qh2 Nb4+ 35. Ke2 Nxa2 36. Ra1 Rxb2+ 0-1

[Event "Barcelona Sant Marti op 6th"]
[Site "Barcelona"]
[Date "2017.02.23"]
[Round "7"]
[White "Ibanez Camara, Oscar"]
[Black "Molina Tabernero, Jordi"]
[Result "1-0"]
[WhiteElo "1626"]
[BlackElo "1490"]
[PlyCount "73"]
[EventDate "2017.01.12"]
[EventType "swiss"]
[EventRounds "9"]
[EventCountry "ESP"]
[SourceTitle "EXT 2018"]
[Source "ChessBase"]
[SourceDate "2017.10.13"]
[SourceVersion "1"]
[SourceVersionDate "2017.10.13"]
[SourceQuality "1"]

1. e4 g6 2. d4 d6 3. Nc3 Bg7 4. Be3 b6 5. Nf3 Bb7 6. Bd3 e6 7. Qd2 h6 8. 0-0-0 a6 9. Rdg1 g5 10. g4 Ne7 11. h4 f6 12. Rh3 Nd7 13. Rgh1 f5 14. hxg5 fxg4 15. Rg3 h5 16. Nh4 c5 17. d5 e5 18. Nf5 Nxf5 19. exf5 c4 20. Be4 Qc7 21. f6 Nxf6 22. gxf6 Bxf6 23. Bg6+ Kd7 24. Bf5+ Kd8 25. Na4 Qf7 26. Nxb6 Rb8 27. Be6 Qc7 28. Nd7 Ba8 29. Nxf6 Qb7 30. Qc3 Qb4 31. Qxb4 Rxb4 32. Nxg4 Kc7 33. Bd2 Rb5 34. Ne3 Rc5 35. Rg7+ Kb6 36. Bb4 Rb5 37. Nxc4# 1-0

[Event "Mataro Maresme op-B 13th"]
[Site "Mataro"]
[Date "2016.11.26"]
[Round "8"]
[White "Garcia Pitarch, Raul"]
[Black "Molina Tabernero, Jordi"]
[Result "0-1"]
[WhiteElo "1439"]
[BlackElo "1548"]
[PlyCount "48"]
[EventDate "2016.10.08"]
[EventType "swiss"]
[EventRounds "9"]
[EventCountry "ESP"]
[SourceTitle "EXT 2018"]
[Source "ChessBase"]
[SourceDate "2017.10.13"]
[SourceVersion "1"]
[SourceVersionDate "2017.10.13"]
[SourceQuality "1"]

1. b3 d6 2. Bb2 e5 3. e3 g6 4. Nf3 Bg7 5. Be2 Ne7 6. 0-0 b6 7. c4 Bb7 8. Nc3 Nd7 9. d4 0-0 10. e4 h6 11. Rc1 g5 12. Qd2 Ng6 13. Rfd1 Nf4 14. Bf1 g4 15. Ne1 Qg5 16. g3 Ne6 17. Qxg5 Nxg5 18. dxe5 Nxe5 19. Nd5 Nef3+ 20. Kg2 Bxb2 21. Ne7+ Kh8 22. Rc2 Bf6 23. Nd5 Bxd5 24. Rxd5 Nxe1+ 0-1

[Event "Mataro op 12th"]
[Site "Mataro"]
[Date "2015.11.28"]
[Round "9.8"]
[White "Molina Tabernero, Jordi"]
[Black "Shukorov, Artem"]
[Result "1-0"]
[WhiteElo "1710"]
[BlackElo "1876"]
[PlyCount "47"]
[EventDate "2015.10.03"]
[EventType "swiss"]
[EventRounds "9"]
[EventCountry "ESP"]
[SourceTitle "EXT 2024"]
[Source "ChessBase"]
[SourceDate "2023.10.10"]
[SourceVersion "1"]
[SourceVersionDate "2023.10.10"]
[SourceQuality "1"]

1. d4 d5 2. c4 e6 3. a3 a5 4. cxd5 exd5 5. Nc3 Nf6 6. e3 c6 7. Bd3 Bd6 8. h3 0-0 9. Nge2 Re8 10. Qc2 Nbd7 11. Bd2 c5 12. b3 Qe7 13. 0-0 b6 14. f4 Bb7 15. Ng3 Ne4 16. Nf5 Qe6 17. Nxd6 Qxd6 18. Nxe4 dxe4 19. Bc4 cxd4 20. Rad1 Qc5 21. b4 axb4 22. Bxb4 Qc8 23. Rxd4 Rf8 24. Bxf8 1-0